[Event "Rilton Cup 2013-14"]
[Site "Stockholm SWE"]
[Date "2014.01.05"]
[Round "9.15"]
[White "Yagupov,I"]
[Black "Bellon Lopez,JuM"]
[Result "1-0"]
[WhiteElo "2427"]
[BlackElo "2382"]

1.e4 c5 2.Nf3 e6 3.d4 cxd4 4.Nxd4 Nc6 5.Nc3 Qc7 6.Be3 Nf6 7.f4 d6 8.Qf3 a6
9.O-O-O Be7 10.Rg1 e5 11.Nf5 Bxf5 12.exf5 Rc8 13.g4 Nb4 14.Rg2 e4 15.Nxe4 Nxc2
16.Nc3 Nxe3 17.Qxe3 d5 18.Kb1 O-O 19.g5 d4 20.Rxd4 Nh5 21.Nd5  1-0

[Event "26th Staufer-Open A 2014"]
[Site "Schwaebisch Gmuend GER"]
[Date "2014.01.06"]
[Round "9.27"]
[White "Baskin,R"]
[Black "Hahn,F"]
[Result "1/2-1/2"]
[WhiteElo "2172"]
[BlackElo "2089"]

1.e4 c5 2.Nf3 e6 3.d4 cxd4 4.Nxd4 Nc6 5.Nc3 Qc7 6.Nb3 a6 7.Bd3 Nf6 8.O-O Be7
9.f4 d6 10.Be3 b5 11.Qf3 Bb7 12.Qh3 Nb4 13.a3 Nxd3 14.cxd3 O-O 15.Rac1 Qd8
16.Nd4 Rc8 17.b4 Nd7 18.Nce2 Nb8 19.Ng3 Bf6 20.Rxc8 Qxc8 21.Nh5 Nd7 22.Rc1 Qd8
23.Nxe6 fxe6 24.Qxe6+ Rf7 25.Qxd6 Nf8 26.Nxf6+ Qxf6 27.Qxf6 gxf6 28.f5 Nd7
29.Kf2  1/2-1/2